| 000 | 00961nam a2200253Ia 4500 | ||
|---|---|---|---|
| 003 | OSt | ||
| 005 | 20220923222218.0 | ||
| 006 | a|||||r|||| 00| 0 | ||
| 007 | ta | ||
| 008 | 220922b |||||||| |||| 00| 0 hin d | ||
| 024 | _a203,765 | ||
| 037 | _cTextual | ||
| 040 |
_aARTS _cARTS _bhin |
||
| 041 |
_2hin _ahin |
||
| 082 | _aO158,1J58w, 152N2 | ||
| 100 |
_aनेओग, महेश्वर; बैनर्जी, नीता, अनु. _9166340 |
||
| 245 | 0 | _aबैकुण्ठनाथ भागवत भट्टाचार्य | |
| 246 | _aBaikuṇṭhanāth bhāgavat bhaṭṭāchārya | ||
| 260 |
_aनई दिल्ली _b साहित्य अकादमी _c1992 |
||
| 300 |
_a53पृ. _ccm. |
||
| 650 | _aअसमी कहानी | ||
| 942 |
_hO158,1J58w, 152N2 _cTEXL _2CC |
||
| 999 |
_c354515 _d354515 |
||